[Event "Cappelle op 41st"]
[Site "Cappelle la Grande"]
[Date "2025.02.15"]
[Round "1"]
[White "Midy, Robin"]
[Black "Prraneeth, Vuppala"]
[Result "1/2-1/2"]
[WhiteElo "2140"]
[BlackElo "2442"]
[PlyCount "156"]
[EventDate "2025.02.15"]
[EventType "swiss"]
[EventRounds "9"]
[EventCountry "FRA"]
[SourceTitle "CB09_2025"]
[SourceDate "2025.02.27"]
[SourceVersion "1"]
[SourceVersionDate "2025.02.27"]
[SourceQuality "1"]

1. e4 c5 2. Nf3 d6 3. Bb5+ Bd7 4. Bxd7+ Nxd7 5. 0-0 e6 6. c3 Ngf6 7. Qe2 Be7 8. d4 0-0 9. Rd1 d5 10. e5 Ne4 11. Nbd2 Nxd2 12. Bxd2 Rc8 13. Be3 cxd4 14. Rxd4 Qc7 15. Rg4 Nxe5 16. Bf4 Nxf3+ 17. Qxf3 Bd6 18. Bh6 g6 19. Bxf8 Rxf8 20. h4 h5 21. Rd4 Bc5 22. Rd3 Rd8 23. Rad1 b5 24. g3 Kg7 25. Kg2 Rd6 26. R1d2 Rc6 27. Qe2 Be7 28. Rd4 Bc5 29. R4d3 a5 30. a3 Be7 31. Rd4 Bf6 32. Rf4 Be5 33. Rf3 Rc4 34. Rdd3 Bf6 35. Qd1 Qc6 36. Qd2 Rc5 37. Kh2 Qc7 38. Kg2 Be5 39. Qe2 Rc4 40. Rde3 Bf6 41. b3 Rc5 42. Qd2 a4 43. bxa4 bxa4 44. Rxf6 Kxf6 45. Qd4+ Ke7 46. Qxa4 Rc4 47. Qb3 Kf8 48. Rf3 Kg7 49. Qd1 Qa7 50. Qc1 Qe7 51. Qb2 Qc7 52. Qd2 Qd6 53. Qb2 e5 54. Qb7 Rc7 55. Qb4 Qc6 56. a4 Rb7 57. Qa5 f6 58. Qd8 e4 59. Re3 Rd7 60. Qa5 Rb7 61. Qd8 Rd7 62. Qa5 Kf7 63. Qb4 f5 64. Re2 Rb7 65. Qd4 Qc4 66. Rd2 Qxd4 67. Rxd4 Rb2 68. Kf1 Ke6 69. c4 dxc4 70. Rxc4 Kd5 71. Rc8 e3 72. Rd8+ Ke5 73. Re8+ Kf6 74. fxe3 Ra2 75. Ra8 Ke5 76. Re8+ Kf6 77. Ra8 Ke5 78. Re8+ Kf6 1/2-1/2

[Event "Budapest FS08 IM"]
[Site "Budapest"]
[Date "2024.08.09"]
[Round "8"]
[White "Midy, Robin"]
[Black "Lucas, Arthur"]
[Result "1/2-1/2"]
[WhiteElo "2155"]
[BlackElo "2332"]
[PlyCount "82"]
[EventDate "2024.08.03"]
[EventType "tourn"]
[EventRounds "9"]
[EventCountry "HUN"]
[EventCategory "1"]
[SourceTitle "CBM 221 Extra"]
[Source "ChessBase"]
[SourceDate "2024.09.30"]
[SourceVersion "1"]
[SourceVersionDate "2024.09.30"]
[SourceQuality "1"]

1. e4 e6 2. d4 d5 3. exd5 exd5 4. Nf3 Nf6 5. Bd3 c5 6. c3 c4 7. Bc2 Bd6 8. Qe2+ Be6 9. Ng5 Qe7 10. Nxe6 fxe6 11. 0-0 Nc6 12. Re1 Kd7 13. b3 b5 14. a4 b4 15. bxc4 bxc3 16. cxd5 Nxd5 17. Be4 Nxd4 18. Qd3 Qf6 19. Bxd5 exd5 20. Be3 Nf5 21. Qb5+ Kd8 22. Nxc3 Nxe3 23. Rxe3 Rc8 24. Qxd5 Rc5 25. Qa8+ Rc8 26. Qxa7 Rxc3 27. Rxc3 Qxc3 28. Rd1 Qe5 29. Qa8+ Ke7 30. Qxh8 Qxh2+ 31. Kf1 Qh1+ 32. Ke2 Qxg2 33. Qxh7 Qg4+ 34. f3 Qg2+ 35. Kd3 Qxf3+ 36. Kc2 Qe2+ 37. Rd2 Qc4+ 38. Kd1 Qf1+ 39. Kc2 Qc4+ 40. Kd1 Qf1+ 41. Kc2 Qc4+ 1/2-1/2

[Event "Budapest SixDays 07 IM-B"]
[Site "Budapest"]
[Date "2024.08.02"]
[Round "8"]
[White "Horvath, David G"]
[Black "Midy, Robin"]
[Result "1/2-1/2"]
[WhiteElo "2337"]
[BlackElo "2177"]
[PlyCount "45"]
[EventDate "2024.07.29"]
[EventType "tourn"]
[EventRounds "9"]
[EventCountry "HUN"]
[SourceTitle "CBM 221 Extra"]
[Source "ChessBase"]
[SourceDate "2024.09.30"]
[SourceVersion "1"]
[SourceVersionDate "2024.09.30"]
[SourceQuality "1"]

1. Nf3 d5 2. c4 d4 3. e3 Nc6 4. exd4 Nxd4 5. Nxd4 Qxd4 6. Nc3 c6 7. d3 Nh6 8. Be3 Qd6 9. Ne4 Qc7 10. Ng3 Ng4 11. Bd4 e5 12. Bc3 Be6 13. Qe2 0-0-0 14. 0-0-0 Bc5 15. Ne4 Bd4 16. Ng5 Qe7 17. Nxe6 Qxe6 18. Be1 Qf5 19. Rd2 Rhe8 20. h3 Nf6 21. f3 Nd7 22. g3 Nc5 23. h4 1/2-1/2

[Event "Budapest SixDays 07 IM-B"]
[Site "Budapest"]
[Date "2024.07.31"]
[Round "4"]
[White "Hong, Pearson"]
[Black "Midy, Robin"]
[Result "0-1"]
[WhiteElo "2091"]
[BlackElo "2177"]
[PlyCount "90"]
[EventDate "2024.07.29"]
[EventType "tourn"]
[EventRounds "9"]
[EventCountry "HUN"]
[SourceTitle "CBM 221 Extra"]
[Source "ChessBase"]
[SourceDate "2024.09.30"]
[SourceVersion "1"]
[SourceVersionDate "2024.09.30"]
[SourceQuality "1"]

1. d4 d5 2. c4 e6 3. Nf3 Nf6 4. g3 Be7 5. Bg2 0-0 6. Qc2 c5 7. 0-0 cxd4 8. Nxd4 e5 9. Nf5 d4 10. Nxe7+ Qxe7 11. Bg5 h6 12. Bxf6 Qxf6 13. Nd2 Nc6 14. a3 a5 15. Qa4 Bg4 16. Rfe1 Rfe8 17. Ne4 Qe7 18. c5 Reb8 19. Nd6 Ra6 20. Rac1 Bd7 21. Qc4 Be6 22. Qd3 a4 23. e3 dxe3 24. Rxe3 Ra5 25. Qc3 Ra6 26. f4 f6 27. Rce1 Qc7 28. fxe5 Nxe5 29. Rxe5 fxe5 30. Qxe5 Bb3 31. Rf1 Ra5 32. Rf5 b6 33. Bd5+ Bxd5 34. Qxd5+ Kh8 35. Nf7+ Kh7 36. Qe4 g6 37. Re5 Rxc5 38. Ng5+ hxg5 39. Re7+ Kh6 40. Rxc7 Rxc7 41. h4 Rd8 42. hxg5+ Kh7 43. Qh4+ Kg8 44. Qxa4 Rd2 45. Qb3+ Kh7 0-1

[Event "Budapest SixDays 07 IM-B"]
[Site "Budapest"]
[Date "2024.07.31"]
[Round "5"]
[White "Midy, Robin"]
[Black "Palczert, Matyas"]
[Result "0-1"]
[WhiteElo "2177"]
[BlackElo "2345"]
[PlyCount "74"]
[EventDate "2024.07.29"]
[EventType "tourn"]
[EventRounds "9"]
[EventCountry "HUN"]
[SourceTitle "CBM 221 Extra"]
[Source "ChessBase"]
[SourceDate "2024.09.30"]
[SourceVersion "1"]
[SourceVersionDate "2024.09.30"]
[SourceQuality "1"]

1. e4 e5 2. Nc3 Nf6 3. Nf3 Nc6 4. d4 exd4 5. Nxd4 Bb4 6. Nxc6 bxc6 7. Bd3 d5 8. exd5 0-0 9. 0-0 cxd5 10. Bg5 Be6 11. Nb5 c5 12. a3 Ba5 13. b4 Bb6 14. bxc5 Bxc5 15. c3 h6 16. Bh4 Bd7 17. Bxf6 Qxf6 18. Nc7 Rab8 19. Nxd5 Qg5 20. c4 Rb2 21. Qf3 Re8 22. h3 Qe5 23. Rad1 Bd6 24. g3 Bxa3 25. Bh7+ Kxh7 26. Qxa3 Bxh3 27. Qxa7 Bxf1 28. Rxf1 Kg8 29. Nf4 Rc2 30. Rd1 Rxc4 31. Rd7 Rc1+ 32. Kh2 Qe4 33. Ng2 Qb1 34. Nf4 Rh1+ 35. Kg2 Qe4+ 36. f3 Qe1 37. g4 Qh4 0-1

[Event "Budapest SixDays 07 IM-B"]
[Site "Budapest"]
[Date "2024.07.30"]
[Round "2"]
[White "Midy, Robin"]
[Black "Badacsonyi, Frankie"]
[Result "1-0"]
[WhiteElo "2177"]
[BlackElo "2229"]
[PlyCount "37"]
[EventDate "2024.07.29"]
[EventType "tourn"]
[EventRounds "9"]
[EventCountry "HUN"]
[SourceTitle "CBM 221 Extra"]
[Source "ChessBase"]
[SourceDate "2024.09.30"]
[SourceVersion "1"]
[SourceVersionDate "2024.09.30"]
[SourceQuality "1"]

1. e4 c6 2. Nf3 d5 3. Nc3 Bg4 4. h3 Bxf3 5. Qxf3 e6 6. d4 dxe4 7. Nxe4 Qxd4 8. Bg5 Nd7 9. c3 Qb6 10. 0-0-0 f6 11. Bc4 Ne5 12. Qe2 Kf7 13. Rhe1 Rd8 14. Rxd8 Qxd8 15. Ng3 Qd6 16. Bf4 Ne7 17. Bxe5 fxe5 18. Ne4 Qc7 19. Qg4 1-0

[Event "Budapest SixDays 07 IM-B"]
[Site "Budapest"]
[Date "2024.07.29"]
[Round "1"]
[White "Besou, Hussain"]
[Black "Midy, Robin"]
[Result "1-0"]
[WhiteElo "2289"]
[BlackElo "2177"]
[PlyCount "77"]
[EventDate "2024.07.29"]
[EventType "tourn"]
[EventRounds "9"]
[EventCountry "HUN"]
[SourceTitle "CBM 221 Extra"]
[Source "ChessBase"]
[SourceDate "2024.09.30"]
[SourceVersion "1"]
[SourceVersionDate "2024.09.30"]
[SourceQuality "1"]

1. d4 d5 2. c4 e6 3. Nf3 Nf6 4. g3 Be7 5. Bg2 0-0 6. 0-0 dxc4 7. Na3 Bxa3 8. bxa3 Qd5 9. Ne5 Qa5 10. Qc2 Qa6 11. Rb1 Nd5 12. Nxc4 Nc6 13. Bb2 Nb6 14. Rfc1 Rd8 15. Ne5 Bd7 16. Nd3 Na4 17. Ba1 Rab8 18. e4 Be8 19. d5 exd5 20. exd5 Ne7 21. Nb4 Qh6 22. Re1 Ng6 23. Rxe8+ Rxe8 24. Qxa4 Re2 25. Bf3 Rxf2 26. Kxf2 Qxh2+ 27. Ke3 b5 28. Qxa7 Re8+ 29. Kd3 Qxg3 30. Rf1 Nf4+ 31. Kc2 Qg6+ 32. Kb3 Qd6 33. Qd4 f6 34. Bg4 Ng6 35. Be6+ Kh8 36. Qxf6 Rg8 37. Qxg6 c5 38. Bxg7+ Rxg7 39. Qe8+ 1-0

[Event "Sitges Sunway op 10th"]
[Site "Sitges"]
[Date "2023.12.13"]
[Round "2"]
[White "Golubka, Petr"]
[Black "Midy, Robin"]
[Result "1/2-1/2"]
[WhiteElo "2440"]
[BlackElo "2182"]
[PlyCount "112"]
[EventDate "2023.12.12"]
[EventType "swiss"]
[EventRounds "10"]
[EventCountry "ESP"]
[SourceTitle "EXT 2025"]
[Source "ChessBase"]
[SourceDate "2024.10.14"]
[SourceVersion "1"]
[SourceVersionDate "2024.10.14"]
[SourceQuality "1"]

1. e4 e5 2. Nf3 Nf6 3. Nxe5 Nxe4 4. d3 Nf6 5. d4 d6 6. Nf3 d5 7. Bd3 Bd6 8. Qe2+ Qe7 9. Qxe7+ Bxe7 10. Bf4 c6 11. 0-0 0-0 12. h3 Re8 13. Re1 Nbd7 14. a4 a5 15. c3 Nf8 16. Nbd2 Be6 17. Bc7 Rec8 18. Bh2 Ne8 19. Nb3 b6 20. Ne5 Nd6 21. f4 f5 22. Bg3 Ne4 23. Bf2 Ng6 24. g3 Nxe5 25. dxe5 c5 26. Nc1 Nxf2 27. Kxf2 c4 28. Bc2 Bc5+ 29. Kf1 d4 30. cxd4 Bxd4 31. Rb1 Rd8 32. Ne2 Be3 33. Nc3 Bd2 34. Red1 Ra7 35. Ke2 Rad7 36. Nb5 Bb4 37. Rxd7 Rxd7 38. Rd1 Rxd1 39. Kxd1 Kf7 40. Ke2 g6 41. Nc7 Bc5 42. Bb1 Bd4 43. Ba2 Bxb2 44. Nxe6 Kxe6 45. Bxc4+ Ke7 46. Kf3 h6 47. g4 fxg4+ 48. hxg4 g5 49. fxg5 hxg5 50. Ke4 Bc1 51. Kd5 Be3 52. e6 Bc1 53. Kc6 Be3 54. Kb5 Bd4 55. Kc6 Be3 56. Kb5 Bd4 1/2-1/2

[Event "Titled Tuesday intern op 10th Oct Late"]
[Site "Chess.com INT"]
[Date "2023.10.10"]
[Round "2"]
[White "Midy, Robin"]
[Black "Manukyan, Artyom"]
[Result "1-0"]
[WhiteElo "2199"]
[BlackElo "2155"]
[PlyCount "73"]
[EventDate "2023.10.10"]
[EventType "swiss (blitz)"]
[EventRounds "11"]
[EventCountry "USA"]
[SourceTitle "EXT 2025"]
[Source "ChessBase"]
[SourceDate "2024.10.14"]
[SourceVersion "1"]
[SourceVersionDate "2024.10.14"]
[SourceQuality "1"]

1. e4 Nf6 2. e5 Nd5 3. d4 d6 4. c4 Nb6 5. exd6 exd6 6. Nf3 Be7 7. h3 0-0 8. Bd3 Bf6 9. 0-0 Re8 10. Nc3 Nc6 11. b3 Nxd4 12. Nxd4 Bxd4 13. Bxh7+ Kxh7 14. Qxd4 Bf5 15. Bb2 Qg5 16. f4 Qg6 17. Rf3 Nd7 18. Nd5 Re4 19. Qc3 f6 20. Nxc7 Rc8 21. Nd5 Nc5 22. Rg3 Qf7 23. Rxg7+ Kxg7 24. Nxf6 Kh6 25. Qg3 Qg6 26. Qh4+ Kg7 27. Nxe4+ Kf7 28. Ng5+ Ke8 29. Re1+ Kd7 30. Nf3 Nd3 31. Qe7+ Kc6 32. Nd4+ Kb6 33. Nxf5 Nxe1 34. Bd4+ Ka6 35. Qxd6+ Qxd6 36. Nxd6 Nd3 37. Nxc8 1-0

[Event "Titled Tuesday intern op 10th Oct Early"]
[Site "Chess.com INT"]
[Date "2023.10.10"]
[Round "10"]
[White "Pastar, Slaven"]
[Black "Midy, Robin"]
[Result "1-0"]
[WhiteElo "2351"]
[BlackElo "2199"]
[PlyCount "99"]
[EventDate "2023.10.10"]
[EventType "swiss (blitz)"]
[EventRounds "11"]
[EventCountry "USA"]
[SourceTitle "EXT 2025"]
[Source "ChessBase"]
[SourceDate "2024.10.14"]
[SourceVersion "1"]
[SourceVersionDate "2024.10.14"]
[SourceQuality "1"]

1. b3 g6 2. Bb2 Nf6 3. Nf3 Bg7 4. g3 0-0 5. Bg2 d5 6. 0-0 c5 7. d4 Ne4 8. Qc1 cxd4 9. Nxd4 e5 10. Nf3 Nc6 11. Nbd2 h5 12. Nxe4 dxe4 13. Nh4 Bf6 14. Bxe4 Bxh4 15. gxh4 Qxh4 16. Qe3 Bh3 17. Rfd1 Qg4+ 18. Kh1 Rad8 19. Rg1 Qe6 20. Qh6 Bf5 21. Bf3 Nd4 22. Bxh5 Nxc2 23. f3 Rd6 24. e4 Bh3 25. Rac1 Rc8 26. Qg5 Rc5 27. b4 Rc4 28. Bxe5 Rd3 29. Bxg6 fxg6 30. Qh6 Kf7 31. Qg7+ Ke8 32. Rxg6 Qf7 33. Qh8+ Kd7 34. Rg7 Rxf3 35. Rxf7+ Rxf7 36. Qxh3+ Ke7 37. Qh4+ Ke6 38. Bg3 Ne3 39. Qh6+ Rf6 40. Qxe3 Rxb4 41. e5 Rg6 42. Qd3 Rb6 43. Qxg6+ Kd5 44. Qd3+ Ke6 45. Qg6+ Ke7 46. Qxb6 axb6 47. Rb1 Ke6 48. Rxb6+ Kd5 49. Rxb7 Ke4 50. Rb2 1-0

[Event "Titled Tuesday intern op 10th Oct Early"]
[Site "Chess.com INT"]
[Date "2023.10.10"]
[Round "6"]
[White "Skiadopoulos, Nikolaos"]
[Black "Midy, Robin"]
[Result "0-1"]
[WhiteElo "1854"]
[BlackElo "2199"]
[PlyCount "72"]
[EventDate "2023.10.10"]
[EventType "swiss (blitz)"]
[EventRounds "11"]
[EventCountry "USA"]
[SourceTitle "EXT 2025"]
[Source "ChessBase"]
[SourceDate "2024.10.14"]
[SourceVersion "1"]
[SourceVersionDate "2024.10.14"]
[SourceQuality "1"]

1. b4 e5 2. Bb2 e4 3. b5 Nf6 4. c4 Bc5 5. e3 d5 6. Nc3 dxc4 7. Bxc4 0-0 8. h3 Nbd7 9. Na4 Bd6 10. Ne2 Ne5 11. Rc1 Bf5 12. Bxe5 Bxe5 13. 0-0 Qd7 14. Nf4 Bxf4 15. exf4 Rfe8 16. Rc3 b6 17. d4 Qd6 18. Qd2 Rac8 19. Be2 e3 20. fxe3 Ne4 21. Qe1 Nxc3 22. Qxc3 Be4 23. Bf3 Bxf3 24. Rxf3 Qd5 25. Qb2 Qc4 26. Nc3 Rcd8 27. Kh2 h6 28. a4 Qd3 29. f5 Rxe3 30. Rxe3 Qxe3 31. d5 Qf4+ 32. Kg1 Qxf5 33. Qd2 Re8 34. d6 Qc5+ 35. Kh1 cxd6 36. Nd5 Re5 0-1

[Event "Titled Tuesday intern op 03rd Oct Early"]
[Site "Chess.com INT"]
[Date "2023.10.03"]
[Round "5"]
[White "Bolat, Inayat"]
[Black "Midy, Robin"]
[Result "0-1"]
[WhiteElo "2088"]
[BlackElo "2199"]
[PlyCount "74"]
[EventDate "2023.10.03"]
[EventType "swiss (blitz)"]
[EventRounds "11"]
[EventCountry "USA"]
[SourceTitle "EXT 2025"]
[Source "ChessBase"]
[SourceDate "2024.10.14"]
[SourceVersion "1"]
[SourceVersionDate "2024.10.14"]
[SourceQuality "1"]

1. e4 g6 2. d4 Bg7 3. Nc3 c6 4. Be3 d5 5. e5 Nh6 6. f3 Nf5 7. Bf2 h5 8. Bd3 h4 9. Nh3 Na6 10. Bxa6 bxa6 11. Qe2 Rb8 12. b3 Qa5 13. Qd3 c5 14. 0-0 cxd4 15. Ne2 Ne3 16. Bxe3 dxe3 17. Qxe3 Bxh3 18. gxh3 e6 19. Nf4 Bh6 20. Qxa7 0-0 21. Nd3 Rb6 22. b4 Qb5 23. Qc7 Rc6 24. Qd7 Qb6+ 25. Nc5 Be3+ 26. Kh1 Bxc5 27. bxc5 Qxc5 28. Rac1 Qc3 29. Rf2 Qe3 30. Qxc6 Qxc1+ 31. Kg2 Qg5+ 32. Kh1 Qxe5 33. Qxa6 Rb8 34. Qd3 Qa1+ 35. Rf1 Rb1 36. Rxb1 Qxb1+ 37. Kg2 Qxa2 0-1

[Event "Titled Tuesday intern op 03rd Oct Early"]
[Site "Chess.com INT"]
[Date "2023.10.03"]
[Round "3"]
[White "Midy, Robin"]
[Black "Blahynka, Martin"]
[Result "0-1"]
[WhiteElo "2199"]
[BlackElo "2378"]
[PlyCount "66"]
[EventDate "2023.10.03"]
[EventType "swiss (blitz)"]
[EventRounds "11"]
[EventCountry "USA"]
[SourceTitle "EXT 2025"]
[Source "ChessBase"]
[SourceDate "2024.10.14"]
[SourceVersion "1"]
[SourceVersionDate "2024.10.14"]
[SourceQuality "1"]

1. e4 c5 2. Nf3 d6 3. b3 e5 4. Bb2 Nf6 5. Nc3 Nc6 6. Bc4 Be7 7. h3 0-0 8. 0-0 h6 9. Re1 a6 10. a4 Re8 11. Nd5 Bf8 12. Bc3 Be6 13. Nxf6+ Qxf6 14. Bxe6 fxe6 15. d3 b5 16. Qe2 b4 17. Bb2 Nd4 18. Nxd4 cxd4 19. a5 Rec8 20. Ra4 Rab8 21. Qd2 d5 22. Bc1 Bd6 23. Qd1 Rb5 24. exd5 exd5 25. Qg4 Rxc2 26. Rf1 Rbc5 27. Ra1 Kh7 28. h4 Qg6 29. Qh3 R5c3 30. Rd1 e4 31. h5 Qf6 32. Rf1 Rxd3 33. Qd7 Qe5 0-1

[Event "Titled Tuesday intern op 03rd Oct Late"]
[Site "Chess.com INT"]
[Date "2023.10.03"]
[Round "1"]
[White "Midy, Robin"]
[Black "Ehlvest, Jaan"]
[Result "0-1"]
[WhiteElo "2199"]
[BlackElo "2528"]
[PlyCount "62"]
[EventDate "2023.10.03"]
[EventType "swiss (blitz)"]
[EventRounds "11"]
[EventCountry "USA"]
[SourceTitle "EXT 2025"]
[Source "ChessBase"]
[SourceDate "2024.10.14"]
[SourceVersion "1"]
[SourceVersionDate "2024.10.14"]
[SourceQuality "1"]

1. e4 g6 2. d4 Bg7 3. Nc3 c6 4. Nf3 d5 5. h3 Nf6 6. e5 Ne4 7. Bd3 Nxc3 8. bxc3 c5 9. 0-0 c4 10. Be2 Qa5 11. Bd2 Qa4 12. Nh2 Nc6 13. f4 Bf5 14. Rc1 h5 15. g4 hxg4 16. hxg4 Be4 17. Bf3 Bxf3 18. Qxf3 0-0-0 19. e6 f5 20. Rfe1 Rh4 21. gxf5 gxf5 22. Nf1 Bxd4+ 23. cxd4 Rg8+ 24. Kf2 c3 25. Qxc3 Kb8 26. Be3 Na5 27. Rb1 Nc4 28. Qb4 Qxc2+ 29. Re2 Rg2+ 30. Kxg2 Qxe2+ 31. Kg3 Rg4+ 0-1

[Event "Titled Tuesday intern op 03rd Oct Early"]
[Site "Chess.com INT"]
[Date "2023.10.03"]
[Round "9"]
[White "Midy, Robin"]
[Black "Rodchenkov, Sergey D"]
[Result "0-1"]
[WhiteElo "2199"]
[BlackElo "2346"]
[PlyCount "100"]
[EventDate "2023.10.03"]
[EventType "swiss (blitz)"]
[EventRounds "11"]
[EventCountry "USA"]
[SourceTitle "EXT 2025"]
[Source "ChessBase"]
[SourceDate "2024.10.14"]
[SourceVersion "1"]
[SourceVersionDate "2024.10.14"]
[SourceQuality "1"]

1. e4 c5 2. Nf3 d6 3. Bb5+ Nd7 4. c3 Ngf6 5. 0-0 a6 6. Bd3 e6 7. Bc2 b5 8. d4 Bb7 9. Re1 Be7 10. Bf4 0-0 11. Nbd2 Rc8 12. Nf1 Qc7 13. Rc1 e5 14. Bg5 h6 15. Bh4 Rfe8 16. Ne3 Bf8 17. d5 c4 18. Nf5 g6 19. Ne3 Bg7 20. Nd2 Nc5 21. f3 a5 22. Ng4 Nh7 23. Qe2 Ba6 24. Qe3 h5 25. Nf2 Nf6 26. g4 hxg4 27. fxg4 Qd7 28. Bd1 Nh7 29. Rf1 f6 30. Bf3 g5 31. Bg3 Nf8 32. Nh1 Ng6 33. Be2 Nf4 34. Bxf4 exf4 35. Qf3 Qa7 36. Kg2 Re5 37. Nf2 Rce8 38. h4 Bb7 39. hxg5 fxg5 40. Rh1 Bxd5 41. exd5 Rxe2 42. Nde4 R8xe4 43. Rh5 R4e3 44. Qxe2 Rxe2 45. Kf3 Rxf2+ 46. Kxf2 Nd3+ 47. Ke2 Qe3+ 48. Kd1 Qxc1+ 49. Ke2 Qe3+ 50. Kf1 Qf2# 0-1

[Event "Titled Tuesday intern op 03rd Oct Early"]
[Site "Chess.com INT"]
[Date "2023.10.03"]
[Round "2"]
[White "Midy, Robin"]
[Black "Sanhueza, Cristian"]
[Result "1/2-1/2"]
[WhiteElo "2199"]
[BlackElo "2213"]
[PlyCount "156"]
[EventDate "2023.10.03"]
[EventType "swiss (blitz)"]
[EventRounds "11"]
[EventCountry "USA"]
[SourceTitle "EXT 2025"]
[Source "ChessBase"]
[SourceDate "2024.10.14"]
[SourceVersion "1"]
[SourceVersionDate "2024.10.14"]
[SourceQuality "1"]

1. e4 e5 2. Nf3 Nc6 3. Bb5 a6 4. Ba4 Nf6 5. 0-0 Nxe4 6. d4 b5 7. Bb3 d5 8. dxe5 Be6 9. c3 Bc5 10. Qd3 0-0 11. Nbd2 f5 12. exf6 Nxf6 13. Re1 Bg4 14. Ne5 Nxe5 15. Rxe5 c6 16. Nf1 Bxf2+ 17. Kxf2 Nd7+ 18. Kg1 Nxe5 19. Qg3 Qf6 20. Be3 Rae8 21. Bd4 Bh5 22. Re1 Kh8 23. Bxe5 Rxe5 24. Ne3 Qf4 25. Qxf4 Rxf4 26. g3 Rfe4 27. Kf2 Kg8 28. Bc2 Rxe3 29. Rxe3 Rxe3 30. Kxe3 c5 31. Kf4 Bf7 32. Ke5 Kf8 33. Bd1 Ke7 34. Bf3 d4 35. cxd4 cxd4 36. a3 d3 37. Kd4 Bg6 38. h4 h6 39. Kc3 Kd6 40. Bb7 a5 41. Ba6 Kc5 42. b4+ axb4+ 43. axb4+ Kb6 44. Bc8 Kc7 45. Bg4 Kd6 46. Bc8 Kc6 47. Bg4 Be4 48. Bh5 g6 49. Bg4 g5 50. hxg5 hxg5 51. Kd2 Kd5 52. Ke3 Ke5 53. Bd7 Bd5 54. Bxb5 d2 55. Kxd2 Kd4 56. Bd3 Be6 57. Kc2 Bd5 58. Be2 Ke3 59. Ba6 Kf2 60. g4 Kg3 61. Bc8 Kf4 62. b5 Ke5 63. Kc3 Kd6 64. Kb4 Kc7 65. Bf5 Kb6 66. Bc8 Kc7 67. Bf5 Kb6 68. Ka4 Bc4 69. Bd7 Kc7 70. Kb4 Be2 71. Be6 Kb6 72. Bf5 Bxb5 73. Kc3 Be2 74. Kd4 Kc6 75. Ke5 Kc5 76. Kf6 Kd4 77. Kxg5 Ke5 78. Kg6 Bxg4 1/2-1/2

[Event "Titled Tuesday intern op 03rd Oct Early"]
[Site "Chess.com INT"]
[Date "2023.10.03"]
[Round "10"]
[White "Midy, Robin"]
[Black "Szikszai, Bertalan"]
[Result "1-0"]
[WhiteElo "2199"]
[BlackElo "2263"]
[PlyCount "59"]
[EventDate "2023.10.03"]
[EventType "swiss (blitz)"]
[EventRounds "11"]
[EventCountry "USA"]
[SourceTitle "EXT 2025"]
[Source "ChessBase"]
[SourceDate "2024.10.14"]
[SourceVersion "1"]
[SourceVersionDate "2024.10.14"]
[SourceQuality "1"]

1. e4 c5 2. Nf3 e6 3. d4 cxd4 4. Nxd4 Nc6 5. Nc3 Qc7 6. Nxc6 bxc6 7. Bd3 Nf6 8. Qe2 Be7 9. e5 Nd5 10. 0-0 0-0 11. Kh1 f5 12. exf6 Nxf6 13. Bg5 d5 14. Rae1 Bd6 15. Bxf6 Rxf6 16. f4 Rxf4 17. Qh5 g6 18. Bxg6 hxg6 19. Qxg6+ Qg7 20. Qe8+ Rf8 21. Rxf8+ Bxf8 22. Re3 Bd7 23. Qxa8 Qh6 24. Rg3+ Kf7 25. Rf3+ Ke7 26. h3 Bg7 27. Qb8 Qc1+ 28. Kh2 Qe1 29. g3 Be5 30. Qf8# 1-0